Statistiche per In quale squadra NON ha giocato? - Quiz n°16

Clicka qui per fare il quiz!

Statistiche generali

  • Questo quiz è stato fatto 3 volte
  • Il punteggio medio è 3 su 6

Statistiche sulle risposte

DomandaRisposta% Corretto
Yoann GourcuffLazio
100%
Stevan JovetićAEK Atene
67%
Thiago SilvaFlamengo
67%
Gianluca ManciniVenezia
67%
Michael BradleyADO Den Haag
33%
AndersonAntalyaspor
0%

Distribuzione punteggi

Percentile per numero di risposta

Percentuale di utenti per punteggio

I tuoi punteggi nel tempo

Non hai fatto questo quiz